| 000 | 00932nac a22003137a 4500 | ||
|---|---|---|---|
| 001 | BR9606299 | ||
| 003 | BR-BrBNA | ||
| 005 | 20240105121746.0 | ||
| 008 | 230509b bl.|||m| |||| 00| 0 por d | ||
| 040 |
_aBR-BrBNA _bpor _cBiblioteca Nacional de Agricultura |
||
| 072 | _aC10; M01 | ||
| 090 | _aC10 BR9606299 | ||
| 100 | 1 | _aBezerra, D.D. | |
| 100 | 1 | _aSawaki, H.K. | |
| 100 | 1 | _aCintra, I.H.A. | |
| 100 | 1 | _aSilva, K.C. de A. | |
| 100 | 1 | _aOikawa, K. | |
| 100 | 1 | _aCastro, O.B. de | |
| 110 | 1 | _aServico Nacional de Aprendizagem Rural, Brasilia, DF (Brasil) | |
| 245 | 1 | _aTrabalhador na pesca artesanal | |
| 260 | 3 |
_aBrasilia, DF (Brasil): _c1995. |
|
| 300 | _a16 p. | ||
| 490 |
_aSerie Conteudos Ocupacionais (Brazil) _vno. 34 _xISSN 0104-9690 |
||
| 650 | _aTrabalhador Rural | ||
| 650 | _aPesca Artesanal | ||
| 650 | _aTreinamento | ||
| 909 |
_a202312 _bLúcia Elande _c55 _dLúcia Elande |
||
| 942 |
_2AGRIS _n0 _cMS |
||
| 999 |
_c287263 _d287263 |
||